Catálogo público

Estudio sinecológico de un bosque de encino en Epazoyucan, Estado de Hidlgo (Record no. 99530)

MARC details
000 -CABECERA
campo de control de longitud fija 02819nam a2200469 a 4500
003 - IDENTIFICADOR DEL NÚMERO DE CONTROL
campo de control CHAP
005 - FECHA Y HORA DE LA ÚLTIMA TRANSACCIÓN
campo de control 20240816131516.0
007 - CAMPO FIJO DE DESCRIPCIÓN FÍSICA--INFORMACIÓN GENERAL
campo de control de longitud fija cr ||||||a|c|a
008 - DATOS DE LONGITUD FIJA--INFORMACIÓN GENERAL
campo de control de longitud fija 101022s2010 mx r 00010 spa d
035 ## - NÚMERO DE CONTROL DEL SISTEMA
Número de control de sistema 111188
040 ## - FUENTE DE LA CATALOGACIÓN
Centro/agencia transcriptor CHAP
090 ## - LOCALMENTE ASIGNADO TIPO-LC NÚMERO DE CLASIFICACIÓN (OCLC); NÚMERO DE CLASIFICACIÓN LOCAL (RLIN)
Número de clasificación (OCLC) (R) ; Numero de clasificación, CALL (RLIN) (NR) Tesis
100 1# - ENTRADA PRINCIPAL--NOMBRE DE PERSONA
Nombre de persona Cortés Sánchez, Bossuet Gastón.
9 (RLIN) 28396
245 10 - MENCIÓN DE TÍTULO
Título Estudio sinecológico de un bosque de encino en Epazoyucan, Estado de Hidlgo
Mención de responsabilidad, etc. /por Bossuet Gastón Cortés Sánchez; director Diodoro Granados Sánchez
264 #1 - PRODUCCIÓN, PUBLICACIÓN, DISTRIBUCIÓN, FABRICACIÓN Y COPYRIGHT
Producción, publicación, distribución, fabricación y copyright Chapingo, Méx. :
Nombre del de productor, editor, distribuidor, fabricante El autor,
Fecha de producción, publicación, distribución, fabricación o copyright 2010.
300 ## - DESCRIPCIÓN FÍSICA
Extensión 1 recurso en línea (72 páginas):
Otras características físicas cuadros, figuras
336 ## - TIPO DE CONTENIDO
Fuente rdacontent
Término de tipo de contenido texto
Código de tipo de contenido txt
337 ## - TIPO DE MEDIO
Fuente rdamedia
Nombre/término del tipo de medio computadora
Código del tipo de medio c
338 ## - TIPO DE SOPORTE
Fuente rdacarrier
Nombre/término del tipo de soporte recursos en linea
Código del tipo de soporte cr
502 ## - NOTA DE TESIS
Tipo de título Ingeniería Forestal
Nombre de la institución que otorga el título División de Ciencias Forestales,
Año de obtención del título 2010
Información miscelánea Licenciatura
520 ## - SUMARIO, ETC.
Sumario, etc. El bosque de Quercus en Epazoyucan se caracterizó a través de su composición florística, sus relaciones cuantitativas vegetales, sus factores ambientales mediante un perfil fisionómico que lo determinan. Se identificaron 47 vegetales especies distribuidas en 20 familias botanicas, donde las familias mejor representadas son: Compositae, Gramineae y Polypodiaceae. En este estudio se determinó que es una comunidad poco abierta, de tipo semiárida, predominan las plantas vasculares concentrándose en pendientes iguales o mayores de 30%. Las formas de vida existentes van desde arbustivos hasta arbóreas. Son cinco las especies que determinan la estructura de la comunidad en el siguiente orden: Quercus microphylla, Quercus mexicana, Nolina parviflora, Sedum moranense y Senecio sp. Estas especies marcan los distintos estratos: el arbóreo, dominado por Quercus microphylla y Quercus mexicana (aproximadamente de 7 metros de altura); el arbustivo donde predomina Sedum moranense y Senecio sp. y el herbáceo, con presencia de gramíneas generalmente. El bosque de Quercus se encuentra en ecotonos como el matorral crasicaule.
650 14 - PUNTO DE ACCESO ADICIONAL DE MATERIA--TÉRMINO DE MATERIA
Término de materia o nombre geográfico como elemento de entrada Árboles
Subdivisión general Variedades.
9 (RLIN) 82441
650 14 - PUNTO DE ACCESO ADICIONAL DE MATERIA--TÉRMINO DE MATERIA
Término de materia o nombre geográfico como elemento de entrada Bosques
Subdivisión geográfica Hidalgo.
9 (RLIN) 14415
650 14 - PUNTO DE ACCESO ADICIONAL DE MATERIA--TÉRMINO DE MATERIA
Término de materia o nombre geográfico como elemento de entrada Proyectos
Subdivisión general Evaluación.
9 (RLIN) 92525
650 14 - PUNTO DE ACCESO ADICIONAL DE MATERIA--TÉRMINO DE MATERIA
Término de materia o nombre geográfico como elemento de entrada Quercus.
9 (RLIN) 93173
650 14 - PUNTO DE ACCESO ADICIONAL DE MATERIA--TÉRMINO DE MATERIA
Término de materia o nombre geográfico como elemento de entrada Sinecología.
9 (RLIN) 106578
700 0# - PUNTO DE ACCESO ADICIONAL--NOMBRE DE PERSONA
Nombre de persona Granados Sánchez, Diódoro
9 (RLIN) 50356
Término indicativo de función/relación Director
856 ## - LOCALIZACIÓN Y ACCESO ELECTRÓNICOS
Identificador Uniforme del Recurso http://10.13.5.2/tesis/111188.pdf
Nota pública DESCARGAR PDF
942 ## - ELEMENTOS DE PUNTO DE ACCESO ADICIONAL (KOHA)
Tipo de ítem Koha Tesis digital
Fuente del sistema de clasificación o colocación Clasificación Universidad Autónoma Chapingo
590 ## - NOTA LOCAL (RLIN)
Nota local ALEPH
Procedencia (VM) [OBSOLETO] 10
Condición del los carretes individuales (VM) [OBSOLETO] 20130110
590 ## - NOTA LOCAL (RLIN)
Nota local BATCH-UPD
Procedencia (VM) [OBSOLETO] 10
Condición del los carretes individuales (VM) [OBSOLETO] 20130110
590 ## - NOTA LOCAL (RLIN)
Nota local BATCH-UPD
Procedencia (VM) [OBSOLETO] 10
Condición del los carretes individuales (VM) [OBSOLETO] 20130410
590 ## - NOTA LOCAL (RLIN)
Nota local BATCH-UPD
Procedencia (VM) [OBSOLETO] 10
Condición del los carretes individuales (VM) [OBSOLETO] 20130914
590 ## - NOTA LOCAL (RLIN)
Nota local BATCH-UPD
Procedencia (VM) [OBSOLETO] 10
Condición del los carretes individuales (VM) [OBSOLETO] 20140324
590 ## - NOTA LOCAL (RLIN)
Nota local BATCH-UPD
Procedencia (VM) [OBSOLETO] 10
Condición del los carretes individuales (VM) [OBSOLETO] 20141002
590 ## - NOTA LOCAL (RLIN)
Nota local CONVERSION
Procedencia (VM) [OBSOLETO] 10
Condición del los carretes individuales (VM) [OBSOLETO] 20130109
901 ## - ELEMENTOS DE DATOS A LOCAL LDA (RLIN)
a BK
949 ## - PROCESAMIENTO DE INFORMACIÓN LOCAL (OCLC)
a Tesis
b BC
c TES
d 33724002213694
e TS1
g DonaciØn
h 51191
i 111188
s b
949 ## - PROCESAMIENTO DE INFORMACIÓN LOCAL (OCLC)
a Tesis
b BC
c TES
d 33724002213702
e TS2
f c.2
g DonaciØn
h 51192
i 111188
s b
Holdings
Estado de retiro Estado de pérdida Fuente del sistema de clasificación o colocación Estado dañado Restricciones de uso No para préstamo Código de colección Localización permanente Ubicación/localización actual Ubicación en estantería Fecha de adquisición Fuente de adquisición Información codificada de la localización en otra ubicación Total de préstamos Signatura topográfica completa Fecha visto por última vez Precio válido a partir de Tipo de ítem Koha
    Clasificación Universidad Autónoma de Chapingo   Préstamo interno   Tesis digitales de Licenciatura Biblioteca Digital Biblioteca Digital En línea 31/12/2019 Donacion TESIS   Tesis digital 31/12/2019 16/08/2024 Tesis digital